00233nam a2200097Ia 4500008004100000041000800041100002900049245003100078260000700109999001900116230822s9999 xx 000 0 und d aeng aKANVINDE P., PRASANNA D. aTHE FEED JOURNEY 1999-2009 bNA c861889d861889